[Event "Tallinn op"]
[Site "Tallinn"]
[Date "2014.02.22"]
[Round "2"]
[White "Tuul, Tarmo"]
[Black "Vainula, Rene"]
[Result "1/2-1/2"]
[WhiteElo "2078"]
[BlackElo "1569"]
[PlyCount "80"]
[EventDate "2014.02.21"]
[EventType "swiss"]
[EventRounds "7"]
[EventCountry "EST"]
[SourceTitle "CBM 159 Extra"]
[Source "ChessBase"]
[SourceDate "2014.04.24"]
[SourceVersion "1"]
[SourceVersionDate "2014.04.24"]
[SourceQuality "1"]

1. c4 e5 2. e3 g6 3. d4 exd4 4. Qxd4 Nf6 5. Nc3 Nc6 6. Qd2 Bg7 7. Nge2 0-0 8. Nf4 d6 9. Be2 Bf5 10. f3 Re8 11. 0-0 Ne5 12. Kh1 Be6 13. b3 Qd7 14. Bb2 c6 15. Rad1 Rad8 16. Qd4 b6 17. e4 g5 18. Nxe6 fxe6 19. Qe3 Nf7 20. e5 Nxe5 21. Qxg5 Nf7 22. Qg3 Nh8 23. Rd2 d5 24. Rfd1 Qf7 25. Bd3 Ng6 26. Ne2 Nh5 27. Qg4 Bxb2 28. Qxh5 Bf6 29. f4 Ne5 30. Qh3 Nxd3 31. Rxd3 Kf8 32. Ng3 Ke7 33. cxd5 Rxd5 34. Ne4 Red8 35. Nxf6 Rxd3 36. Rxd3 Rxd3 37. Qxd3 Qxf6 38. Qxh7+ Kf8 39. h4 Qxf4 40. a4 Qf1+ 1/2-1/2

[Event "Tallinn op"]
[Site "Tallinn"]
[Date "2014.02.21"]
[Round "1"]
[White "Petrov, Dmitri"]
[Black "Vainula, Rene"]
[Result "1-0"]
[WhiteElo "2004"]
[BlackElo "1569"]
[PlyCount "73"]
[EventDate "2014.02.21"]
[EventType "swiss"]
[EventRounds "7"]
[EventCountry "EST"]
[SourceTitle "CBM 159 Extra"]
[Source "ChessBase"]
[SourceDate "2014.04.24"]
[SourceVersion "1"]
[SourceVersionDate "2014.04.24"]
[SourceQuality "1"]

1. e4 d5 2. exd5 Nf6 3. c4 e6 4. dxe6 Bxe6 5. d4 g6 6. Nf3 Bg7 7. Be2 0-0 8. 0-0 Bg4 9. Nc3 Nc6 10. Be3 Re8 11. h3 Bf5 12. d5 Ne5 13. Nxe5 Rxe5 14. Bd4 Re8 15. Bf3 Ne4 16. Re1 Nxc3 17. bxc3 Rxe1+ 18. Qxe1 Qd7 19. Bxg7 Kxg7 20. g4 Bd3 21. Qd2 Bxc4 22. Qd4+ f6 23. Qxc4 Re8 24. Rb1 b6 25. Qc6 Qxc6 26. dxc6 Rd8 27. Rd1 Rxd1+ 28. Bxd1 Kf7 29. Kg2 Ke6 30. Bb3+ Kd6 31. Bg8 h6 32. Bf7 g5 33. Kf3 Kxc6 34. Ke4 Kd6 35. Kf5 Ke7 36. Kg6 a5 37. Bc4 1-0